000 01503nam a2200469 i 4500
001 51844
003 KOSZ 005
005 20220603084648.0
008 051228s2005 pl a |000 0 pol
015 _aUWD 2006/207
020 _a8372446784
035 _a991029144289705066
035 _a(PL-WaBN)b17877556-48omnis_nlop
035 _ab17877556
035 _a(OCoLC)750007538
035 _azz2006880193
035 _a(PL)b0000001787755
035 _a(EXLNZ-48OMNIS_NETWORK)9910280588705606
040 _aWA N
_cWA N
_dKOSZ 005/HR
046 _k2005
080 _a636.2
080 _a(083.1)
100 1 _aŻółkowski, Jerzy
_eAutor
245 1 0 _aPraktyczne porady dla hodowców bydła /
_cJerzy Żółkowski, Tomasz Przysucha.
250 _aWyd. 2 zm.
260 _aWarszawa :
_bWydawnictwo SGGW,
_c2005.
300 _a147, [1] s., [8] k. tabl. kolor. :
_bil. ;
_c24 cm.
336 _aTekst
_btxt
_2rdacontent
337 _aBez urządzenia pośredniczącego
_bn
_2rdamedia
338 _aWolumin
_bnc
_2rdacarrier
380 _aKsiążki
388 _a2001-
650 7 _aBydło domowe
_2DBN
650 7 _aHodowla zwierząt
655 7 _aPoradnik
_2DBN
658 _aRolnictwo i leśnictwo
700 1 _aPrzysucha, Tomasz
_eAutor
710 2 _aWydawnictwo SGGW
_4pbl
856 _uhttp://koha.tu.koszalin.pl/cgi-bin/koha/opac-detail.pl?biblionumber=51844
_yKatalog online BPK
942 _2UKD
_cKS
999 _c51844
_d51844